000 00679nam a2200205Ia 4500
003 GCL
008 140319s9999 xx 000 0 ara d
040 _aGCL /
_cGCL
082 0 4 _a322.4
_bع ت
100 1 _aعلى عشماوى
245 1 0 _aالتاريخ السرى لجماعة الاخوان المسلمين مذكرات على عشماوى اخر قادة التنظيم الخاص /
_cعلى عشماوى
260 _a[S.N] :
_bدار الهلال للطباعة والنشر
300 _a181 ص
490 _a
650 0 4 _aالعصر الحديث
650 0 4 _aمصر
650 0 4 _aتاريخ
650 0 4 _aالاخوان المسلمون
942 _2ddc
_cBK
999 _c32440
_d32440